MDQL
is popping MORE tags! Check the
thread
!
Quizzes
Events
Quiz Creation
Community
Videos
Private Events
Remove Ads
Sign In
Join for FREE
Feedback
Dark Mode
Quiz Categories
Sports
Geography
Music
Movies
Television
Just For Fun
Miscellaneous
History
Literature
Language
Science
Gaming
Entertainment
Religion
Holiday
For Kids
Quiz Lab
Recent
Popular Today
Quiz Kudos Today
Editor Picks
Curator Picks
Quizzes by...
Day
Popularity
Type
Ratings
Length
Year
Community
Subscriptions
Recent Discussions
Orange Saloon
Badges
Playlists
Quests
Create
Leaderboards
Showdown
Live 5
Trivia Bingo
Activity
Puzzle Library
Sporcle Events
Private Events
Virtual Trivia
Globe League
Become a Host
Pub Owners
SporcleCon
Opinionation
Our Games
Videos
Blog
Mobile Apps
Partnerships
Remove Ads and Go Orange
Feedback
Music
Pop Music
The Beatles
Song
Album
Lyrics
Bands
Singers
Artist
Clip
Rock
Rap
Classical
Billboard
Country Music
Kpop
Taylor Swift
Music
Pop Music
The Beatles
Song
Album
Lyrics
Bands
Singers
Artist
Clip
Rock
Rap
Classical
Billboard
Country Music
Kpop
Taylor Swift
Random Quiz
Search Sporcle
×
Quiz Lab
Quiz Lab
Music
Clickable
Select answers by clicking on text or image buttons
Select answers by clicking on text or image buttons
Clickable
Best Score? Go Orange.
We Didn't Start The Fire lyrics (clickable) Stats
Can you pick the We Didn't Start The Fire lyrics?
By
TAR2
5m
40 Questions
846 Plays
846 Plays
846 Plays
Comments
Comments
Give Quiz Kudos
Give Quiz Kudos
-
- Ratings
hide this ad
More Info
Random Order
Randomize order of answers
Randomize order of answers
Replay
Link that replays current quiz
Next Quiz
Link to next quiz in quiz playlist
You Got
0%
They Got
Avg Score
73%
Avg Friend Score
Upgrade to see
Score Distribution
Jump to the score distribution portion of the page
Score
0/40
Timer
05:00
0
Plays Today
% Correct
Doris Day
87.6%
Harry Truman
86.9%
Joe DiMaggio
84.3%
trouble in the Suez
82.6%
Hypodermics on the shore
81.2%
Children of thalidomide
80.4%
Studebaker
80%
The King and I
79.7%
Bay of Pigs invasion
79.7%
Ayatollah's in Iran
79.6%
Edsel is a no-go
79.1%
Bridge on the River Kwai
79%
North Korea
78.6%
Joseph Stalin
76.1%
South Pacific
75.2%
Sputnik
75.1%
Chubby Checker
74.9%
Rockefeller
74%
Krushchev
74%
Liberace
73.8%
% Correct
Woodstock
73.5%
Einstein
72.1%
Television
72.1%
Palestine
71.5%
AIDS
71.3%
Dien Bien Phu falls
71.2%
Davy Crockett
70.7%
Space monkey
70.4%
Pasternak
70.3%
Walter Winchell
69.9%
Reagan
69.1%
Vaccine
68.3%
Malenkov
68.2%
Pope Paul
67.4%
Bernie Goetz
67.1%
Juan Peron
64.3%
Dacron
63%
Ole Miss
62.3%
U-2
62.3%
Lebanon
58.5%
Quiz Playlist
Details
Report
Send in Message
Add To Playlist
More Info:
Pick the words and phrases that appeared in the lyrics for Billy Joel's "We Didn't Start The Fire"
Clickable:
Select answers by clicking on text or image buttons
Random Order:
Randomize order of answers
Quiz Source
Last Updated: Feb 16, 2017
Quiz Scoreboard
CHALLENGE
Sign Up to Join the Scoreboard
Show All
Scores
Hide
Comments
May contain spoilers
Recently Published
Holiday 10x10 Sorting Gallery
by lukepisani3
Holiday
15m
Two Season TV Shows II
by 123Four
Television
10m
Image Sorting: Flags VI
by Barbecue
Geography
2m
More to Explore
Quiz From the Vault
Featured Blog Post
14 Easter Pick-up Lines to Find Eggs With
hide this ad
You Might Also Like...
Tags
Clickable Quiz
Billy Joel
fire
start
Today's Top Quizzes in Music
Browse Music
hide this ad
Today's Top Quizzes in Clickable
Browse Clickable
Top Contributed Quizzes in Music
1
5X2 Blitz: Bands II
2
5X2 Blitz: The Beatles
3
Taylor Swift All Songs (2024)
4
5X2 Blitz: Billboard
5
5X2 Blitz: Billboard II
6
Music Artist by Three 2010s hits
7
5X2 Blitz: Album
8
5X2 Blitz: Rock
9
5X2 Blitz: Singers
10
5X2 Blitz: Lyrics
Explore More
Trending Topics
Marvel
Harry Potter
Disney
Crossword
NBA
Kpop
Anime
Song
The Office
WWE
Pokémon
Puzzle
Country
Soccer
NFL
hide this ad
More By:
TAR2
Quiz
Plays
Rating
Category
Featured
Created
We Didn't Start The Fire lyrics (clickable)
846
4.25
Music
Jun 4, 2012
'Candle In The Wind 1997' Lyrics
776
4.80
Music
May 30, 2012
Rhymes with either Brit or Yank
491
4.70
Language
Oct 14, 2014
Is THAT really the name of a Pennsylvania town?
313
3.86
Geography
Mar 14, 2014
Most Recent Big 5 Sports League Championships by City
196
2.60
Sports
Apr 17, 2012
Go to Creator's Profile
Score Distribution
Quiz Creator Spotlight
TAR2
Follow
Send a Message
Quizzes Created
-
Created Quiz Play Count
-
More By This Creator
Popular Quizzes Today
1
Find the US States - No Outlines Minefield
2
Colored Red Africa Blitz
3
Find the 'City' Movie
4
The Countries of the World
5
5x2 Blitz: Bands
6
Find the Countries of Europe - No Outlines Minefield
7
Find the US States
8
US States
More Music Quizzes
Where 'd Ya Get That Name? (III)
Quiz Lab
Trending Quizzes
Colored Red Europe Blitz I
Colored Red Africa Blitz II
Colored Red Europe Blitz II
Even More Two Season TV Shows
Colored Red Africa Blitz III
Recently Updated
Quick Pick: 20 Twenties
pecheneg
March Madness Men's Triple Doubles
pecheneg
How Do You Spell That?
pecheneg
Godzilla Movies
pecheneg
Grab Bag: 4-10 Letters
pecheneg
2024 March Madness Bracket
pecheneg
Famous TV Couples
Peacemaker
Champions League XIs: Real Madrid
pecheneg
Largest US Cities 1790-2010
pecheneg
Rides in Walt Disney World
pecheneg
Trending Topics
Marvel
Kpop
Crossword
Disney
Anime
NBA
Harry Potter
Soccer
The Office
NFL
Pokémon
Country
WWE
Song
Puzzle
Your Account Isn't Verified!
In order to create a playlist on Sporcle, you need to verify the email address you used during registration. Go to your
Sporcle Settings
to finish the process.
Report this User
Report this user for behavior that violates our
Community Guidelines
.
Details:
Send Report
Go to the Sporcle.com Mobile Site →
Comments